000 00570nam a2200229Ia 4500
003 OSt
005 20221005120024.0
006 a|||||r|||| 00| 0
007 ta
008 221004b |||||||| |||| 00| 0 eng d
024 _a70422
037 _cTextual
040 _aCRL
_cCRL
_beng
041 _2eng
_aeng
082 _aY1:1:5.4653, L3
100 _aMichman Joseph
_9628387
245 0 _aCultural policy in Israel
260 _c1973
650 _aSOCIOLOGY
942 _hY1:1:5.4653, L3
_cTEXL
_2cc
999 _c1036595
_d1036595